Sports Quiz

Random Sports or NCAA Quiz
Score 0/10 Timer 02:00
0 Plays Today
% Correct
Bo Jackson
90.3%
Marcus Allen
89.4%
Herschel Walker
86.1%
Barry Sanders
85.9%
Doug Flutie
83.3%
Tim Brown
81.3%
Vinny Testaverde
71%
Andre Ware
69.2%
George Rogers
67.6%
Mike Rozier
65.7%
Remove Ads.
Support Sporcle.
Get the best of Sporcle when you Go Orange. This ad-free experience offers more features, more stats, and more fun while also helping to support Sporcle. Thank you for becoming a member.

You're not logged in!

Compare scores with friends on all Sporcle quizzes.
OR
Log In

Sporcle TV

Today on Sporcle TV


Watch our educational content, quiz creation guides, and fun videos on Sporcle TV.

Show Comments

Extras

Top Quizzes Today


Score Distribution

Paid Content

Your Account Isn't Verified!

In order to create a playlist on Sporcle, you need to verify the email address you used during registration. Go to your Sporcle Settings to finish the process.

Report this User

Report this user for behavior that violates our Community Guidelines.

Details: